[Event "ch-Moscow Final 2017"]
[Site "masterchessopen.com Moscow RUS"]
[Date "2017.04.02"]
[Round "2.4"]
[White "Denishev,M"]
[Black "Sarana,A"]
[Result "0-1"]
[WhiteElo "2333"]
[BlackElo "2464"]

1.d4 Nf6 2.Nf3 d5 3.c4 e6 4.g3 Bb4+ 5.Bd2 Bd6 6.Bg2 O-O 7.Qc2 c6 8.O-O Nbd7
9.b3 Ne4 10.Bc1 f5 11.Bb2 b6 12.Nbd2 Bb7 13.Ne5 Nxe5 14.dxe5 Bc5 15.Rad1 Qe7
16.e3 b5 17.Nxe4 fxe4 18.Rc1 bxc4 19.bxc4 Bb6 20.Qb3 c5 21.Ba3 Kh8 22.Rfd1
Rfd8 23.h4 Rac8 24.Bh3 Rc7 25.Rd2 Qe8 26.Qd1 Ba5 27.Rdc2 dxc4 28.Qg4 c3
29.Qxe6 Qxe6 30.Bxe6 Re7 31.Bc4 Rxe5 32.Rb1 Bc6 33.Kg2 h5 34.Kf1 Ba4 35.Rcc1
Rf5 36.Rb7 Bb6 37.Rxc3 Rd2 38.Rb8+ Kh7 39.f4 exf3 40.e4 Rf6 41.e5 Rf5 42.Bc1
Rd1+ 43.Kf2 Bc7 44.Rc8 Bxe5 45.Rxf3 Rxf3+ 46.Kxf3 Rxc1 47.Rxc5 Rc3+ 48.Ke4 Bf6
{#R} 0-1

[Event "ch-Moscow Final 2017"]
[Site "masterchessopen.com Moscow RUS"]
[Date "2017.04.02"]
[Round "2.6"]
[White "Kovtunenko,A"]
[Black "Naumkin,I"]
[Result "0-1"]
[WhiteElo "2097"]
[BlackElo "2426"]

1.e4 e5 2.Nf3 Nc6 3.d4 exd4 4.Nxd4 Bc5 5.Nb3 Bb6 6.Nc3 Nf6 7.Qe2 d6 8.Be3 Be6
9.O-O-O Qe7 10.f3 O-O-O 11.Bxb6 axb6 12.Qb5 d5 13.Qa4 Kb8 14.Bb5 Na7 15.e5 Nd7
16.f4 Nc5 17.Nxc5 bxc5 18.Be2 c4 19.Bf3 Qc5 20.Rhe1 Bd7 21.b4 cxb3 22.Qxb3 c6
23.Na4 Qa5 24.Re3 Be6 25.Rd4 Nb5 26.Nc5 Qa7 27.Qb4 Qxa2 28.Rb3 Qa1+ 29.Rb1
Qxd4 30.Na6+ Ka7 31.Qa5 Qe3+ 32.Kb2 bxa6 33.Ra1 {#R} 0-1

[Event "ch-Moscow Final 2017"]
[Site "masterchessopen.com Moscow RUS"]
[Date "2017.04.02"]
[Round "2.7"]
[White "Lomasov,Semen"]
[Black "Ageichenko,G"]
[Result "1-0"]
[WhiteElo "2489"]
[BlackElo "2264"]

1.e4 e5 2.Nf3 Nc6 3.Bb5 a6 4.Ba4 Nf6 5.O-O Nxe4 6.d4 b5 7.Bb3 d5 8.dxe5 Be6
9.c3 Bc5 10.Nbd2 O-O 11.Bc2 Nxf2 12.Rxf2 f6 13.exf6 Qxf6 14.Qf1 Rae8 15.Nb3
Bxf2+ 16.Qxf2 Ne5 17.Nbd4 Nxf3+ 18.Nxf3 Bg4 19.Bg5 Qe6 20.Re1 Qd7 21.Rf1 Qe6
22.Qd4 c6 23.Bh4 Bxf3 24.gxf3 Qh6 25.Qf2 Re3 26.f4 Rfe8 27.Bd1 Qg6+ 28.Bg3 Qf5
29.Qg2 Kh8 30.Bf2 R3e7 31.Bd4 Qg6 32.Qxg6 hxg6 33.Bc2 Re2 34.Bxg6 Rf8 35.b4
Kg8 36.f5 Ra8 37.Rf2 Rxf2 38.Kxf2 a5 39.a3 axb4 40.axb4 Ra3 41.Be8 c5 42.bxc5
{#r} 1-0

[Event "ch-Moscow Final 2017"]
[Site "masterchessopen.com Moscow RUS"]
[Date "2017.04.02"]
[Round "2.8"]
[White "Zakhartsov,Vl"]
[Black "Selivanov,Ivan"]
[Result "1-0"]
[WhiteElo "2470"]
[BlackElo "2259"]

1.e4 c5 2.Nf3 d6 3.c3 Nf6 4.Be2 e6 5.O-O Be7 6.Re1 O-O 7.Bf1 Nc6 8.d4 d5 9.e5
Ne4 10.Bd3 f5 11.exf6 Nxf6 12.Nbd2 Bd6 13.Nf1 Qc7 14.Qe2 Bd7 15.Bg5 Rae8
16.Ne3 Ne4 17.Bh4 cxd4 18.cxd4 Rxf3 19.Qxf3 Rf8 20.Qh3 Nb4 21.Rac1 Qb8 22.Bb1
h5 23.a3 Nc6 24.Bxe4 dxe4 25.Bg3 Nxd4 26.Nc4 Bxg3 27.Qxg3 Qxg3 28.hxg3 Bc6
29.Nd6 Rd8 30.Nxe4 Kf7 31.f3 Ke7 32.Kf2 Rf8 33.Rc5 g6 34.b4 a6 35.Rd1 Nb5
36.a4 Nc7 37.Nc3 Nd5 38.Nxd5+ Bxd5 39.Rc7+ Kf6 40.Rd4 Ke5 41.Ke3 Bc6 42.Rf4
Rd8 43.Rg7 Rd1 44.Rxg6 Re1+ 45.Kf2 Rd1 46.b5 axb5 47.axb5 Bd5 48.Rg5+ Kd6
49.Rb4 Rd2+ 50.Kg1 {#r} 1-0

[Event "ch-Moscow Final 2017"]
[Site "masterchessopen.com Moscow RUS"]
[Date "2017.04.02"]
[Round "2.9"]
[White "Ivanov,Ol UKR"]
[Black "Kalinin,Niki"]
[Result "1-0"]
[WhiteElo "2462"]
[BlackElo "2208"]

1.d4 g6 2.e4 d6 3.Nc3 Bg7 4.f4 Nd7 5.Nf3 c5 6.Be3 cxd4 7.Bxd4 Ngf6 8.e5 dxe5
9.fxe5 Nh5 10.Qd2 Nb8 11.Bb5+ Nc6 12.O-O O-O 13.Bxc6 bxc6 14.Qe3 Qc7 15.Ne4
Bh8 16.e6 Bxe6 17.Bxh8 Kxh8 18.Qh6 f6 19.Neg5 fxg5 20.Nxg5 Nf6 21.Nxe6 Qb6+
22.Kh1 Rg8 23.b3 Qa5 24.Qe3 g5 25.Rae1 Rg6 26.Nd4 Qd5 27.Nf5 {#r} 1-0

[Event "ch-Moscow Final 2017"]
[Site "masterchessopen.com Moscow RUS"]
[Date "2017.04.02"]
[Round "2.10"]
[White "Kozionov,Kirill"]
[Black "Antonov,Al2"]
[Result "1-0"]
[WhiteElo "2440"]
[BlackElo "2168"]

1.e4 c5 2.Nf3 d6 3.d4 cxd4 4.Nxd4 Nf6 5.Nc3 Nc6 6.Bg5 e6 7.Qd2 a6 8.O-O-O Bd7
9.f3 b5 10.Kb1 Qb6 11.Be3 Qc7 12.g4 h6 13.Bd3 Ne5 14.Rhe1 Nc4 15.Bxc4 Qxc4
16.h4 b4 17.Nce2 a5 18.Nc1 a4 19.b3 Qc7 20.Nd3 Qa5 21.g5 hxg5 22.hxg5 Ng8
23.f4 Rb8 24.Nb2 Rc8 25.Nc4 Rxc4 26.bxc4 a3 27.Nb3 Qc7 28.Qxb4 Rh2 29.Bg1 Rh4
30.Qxa3 Qxc4 31.Qa8+ Qc8 32.Qxc8+ Bxc8 33.Be3 Bb7 34.Bc1 Ne7 35.Na5 Bc8 36.Nc4
Ng6 37.Nxd6+ {#r} 1-0

[Event "ch-Moscow Final 2017"]
[Site "masterchessopen.com Moscow RUS"]
[Date "2017.04.02"]
[Round "2.14"]
[White "Makarian,Rudik"]
[Black "Savenkov,K"]
[Result "0-1"]
[WhiteElo "2207"]
[BlackElo "2324"]

1.d4 Nf6 2.c4 g6 3.Nc3 Bg7 4.e4 d6 5.Nf3 O-O 6.h3 c5 7.d5 b5 8.cxb5 a6 9.b6
Nbd7 10.Be2 Nxb6 11.O-O Re8 12.Nd2 e6 13.Nc4 exd5 14.exd5 Nxc4 15.Bxc4 Ne4
16.Qc2 Nxc3 17.bxc3 Qh4 18.Be2 Bf5 19.Bd3 Bxh3 20.gxh3 c4 21.Rd1 cxd3 22.Qxd3
Re5 23.Bd2 Rf5 24.Qg3 Qf6 25.Be3 Rf3 26.Qg2 h5 27.c4 Qf5 28.Rac1 Rxh3 29.c5
Rh4 30.Kf1 Re8 31.Qg5 Rh1+ 32.Kg2 Qh3# 0-1

[Event "ch-Moscow Final 2017"]
[Site "masterchessopen.com Moscow RUS"]
[Date "2017.04.02"]
[Round "2.17"]
[White "Gluhovsky,Mark"]
[Black "Voronkov,D"]
[Result "1-0"]
[WhiteElo "2262"]
[BlackElo "2149"]

1.e4 e6 2.d4 d5 3.e5 c5 4.c3 Nc6 5.Nf3 Qb6 6.a3 Nh6 7.b4 cxb4 8.cxb4 Nf5 9.Bb2
Bd7 10.g4 Nfe7 11.Nc3 Na5 12.Na4 Qc6 13.Nc5 Nc4 14.Bc3 h5 15.g5 Rc8 16.a4 Nf5
17.b5 Qc7 18.Nxd7 Qxd7 19.Bd3 Be7 20.Qb3 g6 21.Ke2 O-O 22.Rhc1 Qd8 23.h4 Nxh4
24.Nxh4 Bxg5 25.Nf3 Bxc1 26.Rxc1 g5 27.Rg1 g4 28.Bb4 Kh8 29.Bb1 f5 30.Bxf8
Qxf8 31.Ng5 Qe7 32.f4 Kg7 33.Rh1 Kg6 34.Bd3 Na5 35.Qb2 Rh8 36.Qc3 b6 37.Kf2 h4
38.Rc1 h3 39.Kg3 Nc4 40.Bxc4 h2 41.Bxd5 Qxg5 42.fxg5 {#r} 1-0

[Event "ch-Moscow Women 2017"]
[Site "masterchessopen.com Moscow RUS"]
[Date "2017.04.02"]
[Round "2.1"]
[White "Dimitrova,Aleksandra"]
[Black "Kharmunova,N"]
[Result "1-0"]
[WhiteElo "2246"]
[BlackElo "2156"]

1.e4 c5 2.Nf3 d6 3.d4 cxd4 4.Nxd4 Nf6 5.Nc3 Nc6 6.Bg5 Qa5 7.Bxf6 gxf6 8.Nb3
Qd8 9.Qh5 a6 10.O-O-O e6 11.Kb1 Qc7 12.f4 b5 13.Bd3 Bb7 14.f5 O-O-O 15.Qh3 Qe7
16.fxe6 fxe6 17.Nd5 Qf7 18.Nf4 Re8 19.Be2 h5 20.Bxh5 Qg8 21.Qc3 b4 22.Qc4 Re7
23.Rxd6 Rc7 24.Qxe6+ Qxe6 25.Rxe6 Nd8 26.Re8 Bc6 27.Bg4+ {#r} 1-0

[Event "ch-Moscow Women 2017"]
[Site "masterchessopen.com Moscow RUS"]
[Date "2017.04.02"]
[Round "2.2"]
[White "Alieva,A"]
[Black "Gvanceladze,An"]
[Result "0-1"]
[WhiteElo "2138"]
[BlackElo "2238"]

1.e4 c6 2.d4 d5 3.exd5 cxd5 4.c4 Nf6 5.Nc3 Be6 6.Qb3 Nc6 7.cxd5 Nxd5 8.Nf3
Ndb4 9.d5 Bxd5 10.Nxd5 Qxd5 11.Bc4 Qe4+ 12.Kf1 e6 13.Ng5 Qc2 14.Bxe6 fxe6
15.Qxe6+ Be7 16.Qf7+ Kd8 17.Be3 Rf8 18.Qxg7 Kd7 19.Nxh7 Rf5 20.Qg4 Nd5 21.Rd1
Kc7 22.Qg3+ Bd6 23.Qg7+ Nce7 {#R} 0-1

[Event "ch-Moscow Women 2017"]
[Site "masterchessopen.com Moscow RUS"]
[Date "2017.04.02"]
[Round "2.3"]
[White "Zherebtsova,A"]
[Black "Utiatskaja,Irina"]
[Result "0-1"]
[WhiteElo "2222"]
[BlackElo "2152"]

1.d4 Nf6 2.Nf3 g6 3.c4 Bg7 4.Nc3 O-O 5.e4 d6 6.h3 e5 7.d5 Nh5 8.g3 Na6 9.Be3
f5 10.exf5 gxf5 11.Nh4 Nf6 12.Rg1 Qe7 13.Bg5 Qf7 14.Bd3 Nc5 15.Bc2 Nfe4 16.Be3
Nxc3 17.bxc3 Re8 18.Kd2 a6 19.Qf3 e4 20.Qe2 b5 21.Ng2 b4 22.cxb4 Qf6 23.Rab1
Qc3+ 24.Kd1 Nd3 25.Bd2 Nb2+ 26.Kc1 Qa3 27.Qe3 Nd3+ 28.Kd1 Bd7 29.Nf4 Qxa2
30.Nxd3 Ba4 31.Rc1 exd3 32.Qxd3 Bb2 33.Qxf5 Bxc2+ 34.Rxc2 Qa1+ 35.Bc1 Bxc1
36.Rxc1 Qd4+ 37.Kc2 Re2+ 38.Kb3 Qb2+ {#R} 0-1

[Event "ch-Moscow Women 2017"]
[Site "masterchessopen.com Moscow RUS"]
[Date "2017.04.02"]
[Round "2.4"]
[White "Drozdova,D"]
[Black "Ilyina,Lada"]
[Result "1-0"]
[WhiteElo "2196"]
[BlackElo "1624"]

1.d4 d5 2.c4 c6 3.cxd5 cxd5 4.Nf3 Nf6 5.Nc3 Nc6 6.Bf4 a6 7.Ne5 e6 8.e3 Bd6
9.Bd3 O-O 10.Rc1 Qe7 11.O-O Bd7 12.Qf3 Nb4 13.Bb1 Rac8 14.Bg5 Rfd8 15.Ng4 h6
16.Nxf6+ {#r} 1-0

[Event "ch-Moscow Women 2017"]
[Site "masterchessopen.com Moscow RUS"]
[Date "2017.04.02"]
[Round "2.5"]
[White "Fominykh,M"]
[Black "Martynyuk,Elizaveta"]
[Result "1-0"]
[WhiteElo "2301"]
[BlackElo "2165"]

1.d4 d5 2.c4 e6 3.Nf3 Nf6 4.Nc3 Be7 5.Bg5 h6 6.Bxf6 Bxf6 7.e3 O-O 8.Bd3 c6
9.O-O Nd7 10.cxd5 exd5 11.b4 Be7 12.b5 Bb4 13.Qb3 Bxc3 14.Qxc3 cxb5 15.Bxb5 a6
16.Bd3 b5 17.a4 bxa4 18.Rxa4 Nb6 19.Ra3 Qd6 20.Rfa1 Bb7 21.Rb3 Rfb8 22.Rab1
Na4 23.Qb4 Qd7 24.Ra3 Qe8 25.Qxa4 Bc6 26.Qc2 Bb5 27.Bxb5 axb5 28.Rxa8 Rxa8
29.Ne5 f6 30.Nd3 Ra4 31.Qb3 Qc6 32.h3 Ra5 33.Nb4 Qc4 34.Nxd5 Qxb3 35.Rxb3 Kf7
36.Nc3 Ke6 37.Rxb5 {#r} 1-0

[Event "ch-Moscow Women 2017"]
[Site "masterchessopen.com Moscow RUS"]
[Date "2017.04.02"]
[Round "2.7"]
[White "Borisova,Ekaterina"]
[Black "Smirnova,Ek"]
[Result "0-1"]
[WhiteElo "2078"]
[BlackElo "2202"]

1.d4 d5 2.c4 c6 3.Nf3 Nf6 4.Qc2 dxc4 5.e4 b5 6.b3 cxb3 7.axb3 e6 8.Bd3 Be7
9.Bd2 a5 10.O-O h6 11.d5 exd5 12.e5 Ne4 13.Nd4 Nxd2 14.Nxd2 Qb6 15.Nxb5 O-O
16.Nc3 Na6 17.Na4 Qc7 18.Rfe1 Nb4 19.Qb1 Nxd3 20.Qxd3 f6 21.exf6 Bxf6 22.Rac1
Bg5 23.Rc5 Qf4 24.Nf3 Bg4 25.Rxc6 Bxf3 26.gxf3 Qxf3 27.Qe2 Qxe2 28.Rxe2 d4
29.Nc5 Rac8 30.Ree6 Rxc6 31.Rxc6 Rf3 32.Rd6 Be7 33.Rd5 Rc3 34.Ne6 d3 35.Nf4
Rxb3 36.Nxd3 a4 37.Rd7 Bf6 38.Nc5 Rb1+ 39.Kg2 a3 40.Ra7 Bb2 41.Nd3 Rd1 42.Nb4
Rd2 43.Ra4 Bc3 44.Kf3 Kh7 45.Nd5 Rxd5 46.Rxa3 Bf6 {#R} 0-1

[Event "ch-Moscow Women 2017"]
[Site "masterchessopen.com Moscow RUS"]
[Date "2017.04.02"]
[Round "2.8"]
[White "Akopova,A"]
[Black "Bogachkova,Alena"]
[Result "1-0"]
[WhiteElo "2119"]
[BlackElo "2105"]

1.e4 e6 2.d4 d5 3.Nc3 Bb4 4.exd5 exd5 5.Bd3 c6 6.Ne2 Ne7 7.Ng3 Nd7 8.Nh5 O-O
9.O-O Ng6 10.Ne2 Qh4 11.Neg3 Bd6 12.Nxg7 Bxg3 13.hxg3 Qxd4 14.Nf5 Qf6 15.Qh5
Nc5 16.Bg5 Qxb2 17.Ne7+ Kh8 18.Bxg6 fxg6 19.Nxg6+ Kg8 20.Nxf8 Kxf8 21.Qxh7 Ne6
22.Bh6+ Ke8 23.Rae1 Qf6 24.f4 Kd8 25.Bg5 Nxg5 26.fxg5 Qd4+ 27.Kh2 {#r} 1-0

[Event "ch-Moscow Women 2017"]
[Site "masterchessopen.com Moscow RUS"]
[Date "2017.04.02"]
[Round "2.9"]
[White "Yurovskikh,Yasmin"]
[Black "Zaitseva,Lyudmila"]
[Result "1-0"]
[WhiteElo "1880"]
[BlackElo "1953"]

1.e4 e6 2.d4 d5 3.Nc3 Nf6 4.Bg5 Bb4 5.e5 h6 6.Bd2 Bxc3 7.bxc3 Ne4 8.Bd3 Nxd2
9.Qxd2 c5 10.f4 Bd7 11.Nf3 Nc6 12.O-O Qa5 13.Rfb1 b6 14.dxc5 Qxc5+ 15.Kh1 Na5
16.Nd4 Rc8 17.Nb3 Nxb3 18.axb3 b5 19.Ra5 Qb6 20.Rba1 Rc7 21.Ra6 Qb8 22.Qe3
Rxc3 23.Rxa7 Rc8 24.Qg3 g5 25.fxg5 Rg8 26.g6 {#r} 1-0

[Event "ch-Moscow Women 2017"]
[Site "masterchessopen.com Moscow RUS"]
[Date "2017.04.02"]
[Round "2.10"]
[White "Afanasieva,Alexandra"]
[Black "Esaulova,Marfa"]
[Result "1-0"]
[WhiteElo "1950"]
[BlackElo "1826"]

1.e4 c5 2.Nf3 Nc6 3.Bb5 e6 4.O-O Nge7 5.Re1 a6 6.Bf1 d5 7.exd5 Nxd5 8.d4 cxd4
9.Nxd4 Bd7 10.c4 Ndb4 11.Be3 e5 12.Nxc6 Bxc6 13.Bd4 f6 14.a3 Nc2 15.Qxc2 Qxd4
16.Nc3 Be7 17.Rad1 Qg4 18.Nd5 Bxd5 19.Rxd5 O-O 20.Bd3 g6 21.h3 Qh4 22.Rd7 Bc5
23.Rxb7 Ra7 24.Rxa7 Bxa7 25.c5 a5 26.Re4 Qh5 27.b4 axb4 28.axb4 Rd8 29.b5 Rc8
30.Qa2+ Kh8 31.Qxa7 Qd1+ 32.Bf1 {#r} 1-0

[Event "Karpos Open 2017"]
[Site "masterchessopen.com Skopje MKD"]
[Date "2017.04.02"]
[Round "2.1"]
[White "Artemiev,V"]
[Black "Ermeni,A"]
[Result "1-0"]
[WhiteElo "2677"]
[BlackElo "2259"]

1.d4 d5 2.Bf4 Nf6 3.e3 c6 4.c4 a6 5.Nc3 b5 6.c5 g6 7.h3 Nbd7 8.Nf3 Bg7 9.Bd3
O-O 10.O-O a5 11.a3 Ra7 12.b4 Re8 13.Bxb5 Ne4 14.Bxc6 Nxc3 15.Qc2 e5 16.Bg5 f6
17.Bh4 Qc7 18.Bxd7 Bxd7 19.Qxc3 Bb5 20.Rfc1 Qc6 21.bxa5 e4 22.Nd2 Rea8 23.Rcb1
Rxa5 24.Rb4 g5 25.Bg3 f5 26.Bd6 h6 27.Qb2 Qd7 28.Nb1 R8a7 29.Nc3 Bc4 30.Bb8
Ra8 31.Rb7 Qe6 32.Bd6 f4 33.Qb6 R5a6 34.Qc7 Qg6 35.a4 h5 36.Rab1 h4 37.Rb8+
Kh7 38.R1b7 {#r} 1-0

[Event "Karpos Open 2017"]
[Site "masterchessopen.com Skopje MKD"]
[Date "2017.04.02"]
[Round "2.3"]
[White "Georgiev,Ki"]
[Black "Yordanov,Lachezar"]
[Result "1-0"]
[WhiteElo "2633"]
[BlackElo "2243"]

1.d4 Nf6 2.Nf3 e6 3.c4 Bb4+ 4.Bd2 Qe7 5.g3 Nc6 6.Nc3 O-O 7.Bg2 Na5 8.b3 b6
9.O-O Bb7 10.Rc1 d5 11.cxd5 exd5 12.Ne5 c5 13.Bg5 Rad8 14.Nd3 Bxc3 15.Rxc3
cxd4 16.Rc2 Nc6 17.Nf4 Nb4 18.Rd2 h6 19.Bxf6 Qxf6 20.a3 Nc6 21.Nxd5 Qe5 22.Nf4
Na5 23.Bxb7 Nxb7 24.b4 Rd6 25.Qc2 Rfd8 26.Rfd1 g5 27.Nd3 Qf6 28.Ne1 R8d7
29.Nf3 Nd8 30.Qe4 Re7 31.Qg4 Nc6 32.h4 Ne5 33.Nxe5 Qxe5 34.hxg5 hxg5 35.Rxd4
Rxd4 36.Rxd4 f6 37.e3 a5 38.Rd8+ Re8 39.Qd7 Rxd8 40.Qxd8+ Kg7 41.Qxb6 axb4
42.Qb7+ {#r} 1-0

[Event "Karpos Open 2017"]
[Site "masterchessopen.com Skopje MKD"]
[Date "2017.04.02"]
[Round "2.4"]
[White "Biljanic,L"]
[Black "Kozul,Z"]
[Result "0-1"]
[WhiteElo "2232"]
[BlackElo "2631"]

1.d4 Nf6 2.c4 g6 3.Nc3 Bg7 4.e4 d6 5.Nf3 O-O 6.Be2 Nbd7 7.O-O e5 8.d5 Nc5
9.Bg5 h6 10.Bxf6 Qxf6 11.Ne1 h5 12.Nd3 Nxd3 13.Qxd3 Bh6 14.b4 Qe7 15.Rab1 h4
16.h3 a5 17.a3 axb4 18.axb4 Bd7 19.Ra1 Qg5 20.Nb5 Bxb5 21.cxb5 Qd2 22.Qc4 Qb2
23.Ra5 Bd2 24.Rxa8 Rxa8 25.Qxc7 Bxb4 26.Qxb7 Ra2 27.Bc4 Ra4 28.b6 Bc5 29.Qc8+
Kg7 30.b7 Ba7 31.Qc6 Ra1 32.Qc8 Ra4 33.Kh1 Qb6 {#R} 0-1

[Event "Karpos Open 2017"]
[Site "masterchessopen.com Skopje MKD"]
[Date "2017.04.02"]
[Round "2.5"]
[White "Demchenko,A"]
[Black "Strugnell,C"]
[Result "1-0"]
[WhiteElo "2628"]
[BlackElo "2224"]

1.e4 e5 2.Nf3 Nc6 3.Bc4 Bc5 4.d3 Nf6 5.c3 a6 6.a4 Ba7 7.Bg5 h6 8.Bh4 d6 9.Nbd2
g5 10.Bg3 O-O 11.h4 g4 12.Nh2 h5 13.Qe2 Ne7 14.f4 Ng6 15.fxe5 dxe5 16.Rf1 Ne8
17.O-O-O Ng7 18.d4 Qe8 19.Rf6 Ne6 20.Nxg4 Nef4 21.Rxf4 {#r} 1-0

[Event "Karpos Open 2017"]
[Site "masterchessopen.com Skopje MKD"]
[Date "2017.04.02"]
[Round "2.6"]
[White "Gantar,J"]
[Black "Hovhannisyan,R"]
[Result "0-1"]
[WhiteElo "2220"]
[BlackElo "2619"]

1.e4 c5 2.Ne2 Nc6 3.Nbc3 g6 4.d4 cxd4 5.Nxd4 Bg7 6.Nde2 Nf6 7.g3 b5 8.Bg2 Rb8
9.O-O O-O 10.Nd5 d6 11.c3 b4 12.Nxb4 Nxb4 13.cxb4 Rxb4 14.Nc3 Ba6 15.Re1 Nd7
16.Nd5 Rd4 17.Qc2 e6 18.Nc3 Bd3 19.Qb3 Qa5 20.Be3 Rb4 21.Qd1 Rxb2 22.Qxd3 Bxc3
23.Rec1 Bd2 24.Bxd2 Rxd2 25.Qc3 Rd1+ {#R} 0-1

[Event "Karpos Open 2017"]
[Site "masterchessopen.com Skopje MKD"]
[Date "2017.04.02"]
[Round "2.7"]
[White "Korneev,O"]
[Black "Tomerlin,S"]
[Result "1-0"]
[WhiteElo "2594"]
[BlackElo "2216"]

1.e4 c5 2.Nf3 d6 3.d4 cxd4 4.Nxd4 Nf6 5.Nc3 a6 6.Be3 e5 7.Nf3 Qc7 8.a4 h6
9.Be2 Be6 10.O-O Qc6 11.Nd2 Nbd7 12.a5 d5 13.exd5 Nxd5 14.Nxd5 Bxd5 15.Bf3
Bxf3 16.Qxf3 Qxf3 17.Nxf3 Rc8 18.c3 Be7 19.Rfd1 Bd8 20.Rd5 Bc7 21.Rad1 Nf6
22.Rc5 e4 23.Bf4 Rd8 24.Rxd8+ Bxd8 25.Ne5 Nd7 26.Rc8 Nxe5 27.Bxe5 Kd7 28.Rb8
Re8 29.Bxg7 Bc7 30.Rxe8 Kxe8 31.Bxh6 Bxa5 32.f3 exf3 33.gxf3 Ke7 34.Kf2 Ke6
35.h4 b5 36.Ke3 Bc7 37.h5 Be5 38.Kd3 Kf5 39.Be3 Bf6 40.Bd2 a5 41.Bc1 a4 42.c4
b4 43.c5 a3 44.bxa3 b3 45.a4 Ke6 46.a5 Kd5 47.a6 Kc6 48.Bh6 {#r} 1-0

[Event "Karpos Open 2017"]
[Site "masterchessopen.com Skopje MKD"]
[Date "2017.04.02"]
[Round "2.9"]
[White "Kovchan,A"]
[Black "Radeva,Viktoria"]
[Result "1-0"]
[WhiteElo "2577"]
[BlackElo "2203"]

1.e4 c6 2.d4 d5 3.Nc3 dxe4 4.Nxe4 Bf5 5.Ng3 Bg6 6.Nf3 Nd7 7.Bc4 e6 8.O-O Ngf6
9.Re1 Be7 10.Nh4 O-O 11.c3 Nd5 12.Nxg6 hxg6 13.Ne4 N7f6 14.Ng5 Qc7 15.Bb3 Rad8
16.Qf3 c5 17.dxc5 Bxc5 18.Bd2 Bd6 19.g3 Qc6 20.Rad1 Bc5 21.Bc1 a5 22.Bc2 Ne7
23.Ne4 Nxe4 24.Bxe4 Qb6 25.a3 a4 26.Bc2 Qa7 27.h4 b5 28.Kg2 Rd5 29.Rxd5 Nxd5
30.h5 Qa8 31.Qe4 Nf6 32.Qxa8 Rxa8 33.hxg6 Rd8 34.f4 Nd5 35.f5 exf5 36.Bxf5
fxg6 37.Bxg6 Nf6 38.Bf4 Kf8 39.Kf3 Rd7 40.g4 Be7 41.g5 Nd5 42.Rh1 {#r} 1-0

[Event "Karpos Open 2017"]
[Site "masterchessopen.com Skopje MKD"]
[Date "2017.04.02"]
[Round "2.11"]
[White "Veleski,R"]
[Black "Petrosyan,M"]
[Result "0-1"]
[WhiteElo "2199"]
[BlackElo "2546"]

1.e4 c5 2.Nf3 e6 3.d4 cxd4 4.Nxd4 Nc6 5.Nxc6 bxc6 6.Bd3 Nf6 7.O-O e5 8.Nc3 Be7
9.f4 d6 10.Kh1 O-O 11.Qe1 Nd7 12.f5 Bb7 13.Qg3 Bf6 14.Qg4 Re8 15.Rf3 Nc5
16.Rg3 Nxd3 17.cxd3 Kf8 18.Be3 h6 19.Qh5 Ba6 20.Rf1 Ke7 21.Rxg7 Bxg7 22.f6+
Bxf6 23.Qf5 Bxd3 24.Qxf6+ Kd7 25.Qf5+ Kc7 26.Rc1 Bc4 27.Nd5+ cxd5 28.exd5 Re7
29.Bxh6 Rc8 30.Rxc4+ Kb8 31.Rb4+ Rb7 32.Rxb7+ Kxb7 33.Qxf7+ Qc7 34.Qxc7+ Kxc7
35.h4 Kd7 36.Be3 a5 37.h5 Ke7 38.Kh2 Rc2 39.b3 Rxa2 40.Bb6 Ra3 41.g4 Rxb3
42.Bxa5 Rb5 43.Be1 Rxd5 44.g5 e4 45.Kh3 Rd1 46.Bh4 e3 47.g6+ Kf8 48.h6 Rh1+
49.Kg4 Rxh4+ {#R} 0-1

[Event "Karpos Open 2017"]
[Site "masterchessopen.com Skopje MKD"]
[Date "2017.04.02"]
[Round "2.12"]
[White "Sahin,Oz"]
[Black "Djukic,Ni"]
[Result "0-1"]
[WhiteElo "2181"]
[BlackElo "2515"]

1.e4 g6 2.d4 Bg7 3.Nc3 d6 4.Be3 a6 5.h4 h6 6.f4 h5 7.Nh3 e6 8.Ng5 Nh6 9.Bd3
Nc6 10.d5 exd5 11.Nxd5 Bxb2 12.Rb1 Bg7 13.f5 gxf5 14.Qxh5 fxe4 15.Bxe4 Bg4
16.Nxf7 Bxh5 17.Nxd8 Rxd8 18.Nxc7+ Kd7 19.Rxb7 Rb8 20.Bxh6 Rxb7 21.Bxg7 Kxc7
22.O-O Re8 23.Bd5 Rb4 24.c4 Ne5 25.Rf5 Ng4 {#R} 0-1

[Event "Karpos Open 2017"]
[Site "masterchessopen.com Skopje MKD"]
[Date "2017.04.02"]
[Round "2.14"]
[White "Ilic,Ljubo"]
[Black "Blagojevic,Dr"]
[Result "0-1"]
[WhiteElo "2180"]
[BlackElo "2462"]

1.e4 e5 2.Nf3 Nc6 3.Nc3 Nf6 4.Bb5 Bd6 5.d3 a6 6.Bc4 Bc5 7.Bg5 h6 8.Bxf6 Qxf6
9.Nd5 Qd8 10.c3 d6 11.b4 Ba7 12.g3 Ne7 13.Ne3 c6 14.Bb3 O-O 15.O-O Bh3 16.Re1
Ng6 17.Kh1 Qf6 18.Ng1 Be6 19.Qf3 Qxf3+ 20.Nxf3 Rad8 21.Kg2 d5 22.c4 dxe4
23.dxe4 Bd4 24.Nxd4 exd4 25.Nf5 Ne5 26.Rad1 Bxc4 27.Bxc4 Nxc4 28.Rxd4 Rxd4
29.Nxd4 Rd8 30.Nb3 b5 31.e5 Kf8 32.e6 Ke7 33.exf7+ Kxf7 34.Re4 g5 35.Rd4 Rd5
36.Kf3 {#R} 0-1

[Event "Karpos Open 2017"]
[Site "masterchessopen.com Skopje MKD"]
[Date "2017.04.02"]
[Round "2.15"]
[White "Livaic,Leon"]
[Black "Veselinov,Dimcho"]
[Result "1-0"]
[WhiteElo "2460"]
[BlackElo "2181"]

1.d4 e6 2.c4 d5 3.Nc3 c6 4.Nf3 Nf6 5.Bg5 Be7 6.e3 O-O 7.Rc1 Nbd7 8.Qc2 Re8
9.Bd3 h6 10.Bh4 dxc4 11.Bxc4 b5 12.Bd3 Bb7 13.O-O a6 14.Bxf6 Bxf6 15.Ne4 Be7
16.Rfd1 Qc7 17.a3 Red8 18.b4 Qb6 19.Nc5 Nxc5 20.bxc5 Qc7 21.Ne5 Bc8 22.f4 Bd7
23.Bh7+ Kf8 24.Rf1 Bf6 25.Rf3 Be8 26.Bd3 Kg8 27.Rcf1 Ra7 28.Qf2 Qe7 29.Ng4 Bh4
30.g3 Bf6 31.Bb1 h5 32.Ne5 g6 33.h3 Kg7 34.g4 Bxe5 35.fxe5 hxg4 36.Rf6 gxh3
37.Qh4 Rdd7 38.R1f3 Qd8 39.Rxh3 Kf8 40.Bxg6 Rd5 41.Qg5 {#r} 1-0

[Event "Karpos Open 2017"]
[Site "masterchessopen.com Skopje MKD"]
[Date "2017.04.02"]
[Round "2.17"]
[White "Sadikhov,U"]
[Black "Petrov,G MKD"]
[Result "1-0"]
[WhiteElo "2453"]
[BlackElo "2174"]

1.e4 c5 2.Nf3 Nc6 3.Bb5 g6 4.O-O Bg7 5.Re1 e5 6.Bxc6 dxc6 7.d3 Ne7 8.Nbd2 O-O
9.Nc4 Qc7 10.a4 Be6 11.Be3 Rfd8 12.Qc1 b6 13.Ng5 Bxc4 14.dxc4 h6 15.Nh3 Kh7
16.Ra3 Rd7 17.f3 a5 18.Nf2 Rad8 19.Nd3 g5 20.Qd2 Ng6 21.g3 Nf8 22.Qg2 Rd6
23.Qh3 Qd7 24.Qf5+ Kg8 25.Rb3 Rf6 26.Qxd7 Nxd7 27.Kg2 Re6 28.Nf2 Rd6 29.h4
gxh4 30.gxh4 Bf6 31.Kh3 Kh7 32.Nh1 Rg8 33.Ng3 Bd8 34.Nf5 Rdg6 35.h5 Rg2 36.Rd3
Bh4 37.Rh1 Bf2 38.Rxd7 {#r} 1-0

[Event "Karpos Open 2017"]
[Site "masterchessopen.com Skopje MKD"]
[Date "2017.04.02"]
[Round "2.18"]
[White "Papadopoulos,Panay"]
[Black "Goryachkina,A"]
[Result "0-1"]
[WhiteElo "2160"]
[BlackElo "2452"]

1.d4 Nf6 2.Nf3 d5 3.c4 e6 4.e3 b6 5.cxd5 exd5 6.Bd3 Bd6 7.b3 O-O 8.Ba3 Bg4
9.Bxd6 Qxd6 10.Nbd2 c5 11.Qc2 Nc6 12.Qb2 Nb4 13.Bb1 a5 14.Ne5 Rfe8 15.Ndf3 a4
16.bxa4 Bxf3 17.Nxf3 Rxa4 18.O-O c4 19.a3 Nc6 20.Bc2 Ra5 21.a4 Nb4 22.Rfb1
Nxc2 23.Qxc2 Rea8 24.Ne5 b5 25.g3 b4 26.Qf5 b3 27.Kg2 Qe6 28.Qf3 Ne4 29.Qf4 f6
30.Nf3 g5 31.Qc7 R5a7 {#R} 0-1

[Event "Karpos Open 2017"]
[Site "masterchessopen.com Skopje MKD"]
[Date "2017.04.02"]
[Round "2.20"]
[White "Janzelj,Lara"]
[Black "Nasuta,G"]
[Result "0-1"]
[WhiteElo "2136"]
[BlackElo "2447"]

1.d4 Nf6 2.c4 g6 3.d5 c6 4.Nc3 d6 5.e4 Bg7 6.Nf3 O-O 7.Be2 Nbd7 8.O-O Nc5
9.Qc2 cxd5 10.cxd5 Bg4 11.Nd4 Bxe2 12.Ndxe2 Rc8 13.f3 b5 14.Qd1 Qb6 15.Be3 b4
16.Nb1 Nfd7 17.Nd4 f5 18.exf5 gxf5 19.Ne6 Bxb2 20.Nxf8 Rxf8 21.Nd2 Bxa1
22.Qxa1 Qb7 23.Bh6 Rf6 24.Bg5 Rf7 25.Qd4 Nb6 26.Qxb4 Qxd5 27.Qb5 Ncd7 28.Qe2
Qe5 29.Qf2 f4 30.Bh4 Qc5 31.Re1 Qxf2+ 32.Kxf2 Ne5 33.Ne4 Nd3+ 34.Ke2 Nxe1
35.Bxe1 Rf8 36.Bc3 Rc8 37.Kd3 Nd5 38.Bd2 Rb8 39.Kd4 Ne3 {#R} 0-1